000 01129cam a22003497a 4500
003 CHAP
005 20220329133234.0
008 971013s1986 r 00010 d
010 _a3788
011 _a4760
035 _a3964
040 _cCHAP
090 _aFolleto 13081y
100 0 0 _aShepherd, Kenneth R.
_9105633
245 1 0 _aMejoramiento genético del banano
260 _aPanamá :
_bUnión de Países Exportadores de Banamo,
_c1986
300 _a55 p.
_b: ilus.
590 _aBATCH-UPD
_b10
_c20130110
_lUCH01
_h2046
590 _aBATCH-UPD
_b10
_c20130410
_lUCH01
_h1359
590 _aBATCH-UPD
_b10
_c20130914
_lUCH01
_h1922
590 _aCONVERSION
_b10
_c20130109
_lUCH01
_h1303
650 1 4 _aPlátano
_xGenética.
_989238
650 1 4 _aPlátano
_xHonduras.
_989241
650 1 4 _aPlátano
_xMejoramiento.
_989251
650 1 4 _aPlátano
_xRendimiento.
_989265
650 1 4 _aPlátano
_xVariedades resistentes a enfermedades.
_989277
700 0 _aAlves Elio, Jose.
_95031
700 0 _aDantas, Jorge Luis Loyola.
_931062
901 _aBK
942 _cFOLL
949 _aFolleto 13081y
_bBC
_cFOLL
_d-13494
_eTS1
_i3964
_mD
_si
999 _c3788
_d3788